000 00298nam a22001337a 4500
008 170629b xxu||||| |||| 00| 0 eng d
020 _a9780801898945
041 _aeng
080 _a32
100 _a22
101 _aSHP
245 _aEXPLAINGING FOREIGN POLICY
_cYETIV.S.A
942 _2udc
_cBK
999 _c19641
_d19641